| 000 | 00577nam a2200145Ia 4500 | ||
|---|---|---|---|
| 008 | 100122s9999 xx 000 0 und d | ||
| 082 |
_b54278 _a827 |
||
| 100 | _aगाडगीळ गंगाधर | ||
| 245 | _aबाबांच कलिंगड मुलीचा स्वेटर | ||
| 260 |
_bमधुराज पब्लिकेशन _c1997 |
||
| 300 | _a160 | ||
| 630 | _aबाबांच कलिंगड मुलीचा स्वेटर | ||
| 730 | _aबाबांच कलिंगड मुलीचा स्वेटर | ||
| 942 | _cBOOK | ||
| 999 |
_c431156 _d431153 |
||